Noms des Autoroutes - Statistiques

Statistiques générales
  • Ce quiz a été pris 209 fois
  • Le résultat moyen est 10 sur 34
Statistiques - réponses
Hint Réponse % Correct
A6 Paris - Lyon Autoroute du Soleil
89%
A7 Lyon - Marseille Autoroute du Soleil
89%
A1 Paris - Lille Autoroute du Nord
79%
A4 Paris - Strasbourg Autoroute de l'Est
74%
A13 Paris - Caen Autoroute de Normandie
42%
A9 A7 - Espagne La Languedocienne
41%
A10 Paris - Bordeaux L'Aquitaine
39%
A8 A7 - Italie La Provençale
32%
A11 Ponthévrard - Nantes L'Océane
32%
A26 Calais - Troyes Autoroute des Anglais
31%
A61 Narbonne - Toulouse Autoroute des Deux Mers
30%
A62 Toulouse - Bordeaux Autoroute des Deux Mers
30%
A41 Grenoble - Suisse L'Alpine
29%
A35 Allemagne - Suisse L'alsacienne
29%
A40 Mâcon - Tunnel du Mont-Blanc Autoroute Blanche
28%
A20 Vierzon - Montauban L'Occitane
28%
A84 Caen - Rennes Autoroute des Estuaires
26%
A77 A6 - Nevers Autoroute de l'Arbre
24%
A64 Toulouse - Bayonne La Pyrénéenne
22%
A39 Dijon - Bourg-en-Bresse La Bressane
20%
A87 Angers - La Roche-sur-Yon Autoroute de Vendée
19%
A36 Ladoix-Serrigny - Allemagne La Comtoise
18%
A75 Clermont-Ferrand - Béziers La Méridienne
18%
A43 Lyon - Tunnel du Fréjus Autoroute de la Maurienne
17%
A31 Beaune - Luxembourg Autoroute de Lorraine-Bourgogne
17%
A89 Bordeaux - Lyon La Transeuropéenne
17%
A16 Montsoult - Ghyvelde L'Européenne
17%
A51 Marseille - Col du Fau Autoroute du val de Durance
16%
A71 Orléans - Clermont-Ferrand L'Arverne
13%
A65 Langon - Pau Autoroute de Gascogne
12%
A19 Sens - Artenay L'Eco Autoroute
12%
A5 Paris - Langres La Champenoise
11%
A63 Bordeaux - Espagne Autoroute de la Côte Basque
6%
A83 Nantes - Niort La Vendéenne
4%
Aucun quiz correspondant
Distribution des résultats
% des personnes avec chaque résultat
Percentile par nombre de réponses
Votre historique - résultats
Vous n’avez pas pris ce quiz